| 000 | 00814nam a2200229Ii 4500 | ||
|---|---|---|---|
| 003 | JO-AjNU | ||
| 008 | 230605s9999||||xx |||||||||||||| ||und|| | ||
| 017 | _a2009/8/3535 | ||
| 020 | _a9957-24-121-4 | ||
| 040 |
_aJO-AjNU _bara _erda _cJO-AjNU |
||
| 041 | _aara | ||
| 050 | 1 | 4 | _aHG3851 .Y8722 2010 |
| 100 | 3 |
_aحسن،توفيق عبدالرحيم يوسف, _eauthor _930168 |
|
| 245 | 0 | 0 | _aالادارة المالية الدولية والتعامل بالعملات الاجنبية |
| 250 | _aط1 | ||
| 264 | 3 | 1 | _aعمان: دار صفاء للنشر والتوزيع، 2010 |
| 300 |
_a252ص _bيحتوي على ببلوغرافية |
||
| 336 |
_atext _btxt _2rdacontent |
||
| 337 |
_aunmediated _bn _2rdamedia |
||
| 338 |
_avolume _bnc _2rdacarrier |
||
| 650 | 4 |
_aالادارة المالية _930169 |
|
| 999 |
_aA11927 _c15495 _d15495 |
||